| 000 | 00637nam a2200133Ia 4500 | ||
|---|---|---|---|
| 008 | 171212s9999 xx 000 0 und d | ||
| 020 | _a9780874215731 | ||
| 100 | _aProbasco, Christian | ||
| 245 |
_cProbasco, Christian _aHighway 12 |
||
| 260 |
_bUniversity Press of Colorado _c2005 |
||
| 650 | _aAmerican Studies | ||
| 650 | _aUtah -- Guidebooks; Utah -- Description and travel; United States Highway 12 -- Guidebooks; Automobile travel -- Utah -- Guidebooks; Grand Staircase-Escalante National Monument (Utah) -- Description and travel; Bryce Canyon National Park (Utah) -- Descrip | ||
| 856 | _uwww.jstor.org/stable/10.2307/j.ctt46nwtp | ||
| 999 |
_c353085 _d353085 |
||